|
|
|
|
| LEADER |
00000cam a2200000 7i4500 |
| 001 |
0000001387 |
| 005 |
20220105103921.0 |
| 020 |
|
|
|a 9831435508
|
| 090 |
0 |
0 |
|a JP
|b ENG (1612)
|
| 100 |
1 |
|
|a Chung, Carole
|
| 245 |
1 |
0 |
|a Charlie Caterpillar
|c Carole Chung
|
| 260 |
|
|
|a Petaling Jaya :
|b Penerbit Mega Setia Emas Sdn.Bhd ,
|c 2003
|
| 440 |
|
|
|a Junior steps readers
|
| 500 |
|
|
|a Children age 4-6 years old (yellow)
|
| 650 |
|
0 |
|a Animal fiction
|
| 650 |
|
0 |
|a Junior preschool
|x English
|x Languages
|
| 999 |
|
|
|a 0000966820
|b Book
|c Children Collection
|e Perbadanan Perpustakaan Awam Johor
|
| 999 |
|
|
|a 0000966821
|b Book
|c Children Collection
|e Perbadanan Perpustakaan Awam Johor
|
| 999 |
|
|
|a 0000966822
|b Book
|c Children Collection
|e Perbadanan Perpustakaan Awam Johor
|
| 999 |
|
|
|a 0000966824
|b Book
|c Children Collection
|e Perbadanan Perpustakaan Awam Johor
|
| 999 |
|
|
|a 0001045117
|b Book
|c Children Collection
|e Cawangan Bandar Penawar
|